• 首页
  • 本馆介绍
  • 公告通知
  • 最新文献
  • 馆藏检索
  • 电子资源
  • 读者导购
  • 参考咨询
  • 我的图书馆
  • 登录
  • 详细信息显示
  • 放入我的书架
  • 预约/预借图书
  • 作者相关作品
  • 分类相关作品
  • 丛书相关作品
  • 出版社相关作品

书目信息

  • 表格格式
  • 工作单格式
  • 卡片格式
题名:
筋骨病自我按摩
    
 
作者: 王承明 , 王红 主编
分册:  
出版信息: 大连   大连出版社  2000
页数: 97页
开本: 20cm
丛书名: 图解自我按摩丛书
单 册:
中图分类: R274-64
科图分类:
主题词: 运动系统疾病--按摩疗法(中医)--图解 , CT--S000850--按摩疗法(中医) , CT--S092398--运动系统疾病
电子资源:
ISBN: 7-80612-795-X
000 00907oam2 2200277 45
001 0123456382965
005 20070730143914.09
010    @a7-80612-795-X@dCNY8.00
100    @a20010417d2000 em y0chiy0110 ea
101 0  @achi
102    @aCN@b210000
105    @aa z 000yy
200 1  @a筋骨病自我按摩@Ajin gu bing zi wo an mo@f王承明,王红主编
210    @a大连@c大连出版社@d2000
215    @a97页@d20cm
225 2  @a图解自我按摩丛书
330    @a本册讲述的是筋骨病自我按摩的方法,包括:落枕、颈椎病、肩周炎、腱鞘炎、腰肌劳损、类风湿性关节炎等的按摩方法。
461  0 @12001 @a图解自我按摩丛书
606 0  @a运动系统疾病@x按摩疗法(中医)@j图解
606 0  @2CT@3S000850@a按摩疗法(中医)
606 0  @2CT@3S092398@a运动系统疾病
690    @aR274-64@v4
701  0 @a王承明@Awang cheng ming@4主编
701  0 @a王红@Awang hong@4主编
801  0 @aCN@bWHC@c20070730
905    @a10447@dR274-64@e226
    
    筋骨病自我按摩/王承明,王红主编.-大连:大连出版社,2000
    97页;20cm.-(图解自我按摩丛书)
    
    
    ISBN 7-80612-795-X:CNY8.00
    本册讲述的是筋骨病自我按摩的方法,包括:落枕、颈椎病、肩周炎、腱鞘炎、腰肌劳损、类风湿性关节炎等的按摩方法。
●
相关链接 在E读中查询图书 在五车中查询图书 在当当中查询图书 在豆瓣中查询图书


正题名:筋骨病自我按摩     索取号:R274-64/226         预约/预借

序号 登录号 条形码 馆藏地/架位号 状态 备注
1 0789414   207894144   第二样本阅览室/ [索取号:R274-64/226] 在馆    
2 0789415   207894153   第三借阅区/ [索取号:R274-64/226] 在馆    
唐山师范学院图书馆 欢迎您!
大连网信软件有限公司© 版权所有